=LDR 00000nam 2200000 4500 =001 INLIS000000000023964 =005 20141021122817.0 =006 =007 =008 Ind =035 ##$$a 0010-061300000023964 =041 ##$$a Ind =082 ##$$a 657.076 =090 ##$$a 657.076, Wid a =100 ##$$a Widayat, Utoyo =245 ##$$a Akuntansi keuangan lanjutan, ikhtiar teori dan soal, Utoyo Widayat =260 ##$$a 1999 $b Jakarta =300 ##$$a xii, 355 hlm, 26 cm =650 ##$$a Akuntansi - Ujian, Soal dsb =850 ##$$a NBPNMAT